Catálogo público

Bioquímica y microbiología de la leche / (Record no. 173924)

MARC details
000 -CABECERA
campo de control de longitud fija 00750nam a2200265Ia 4500
001 - NÚMERO DE CONTROL
campo de control dia_3461
003 - IDENTIFICADOR DEL NÚMERO DE CONTROL
campo de control CHAP
005 - FECHA Y HORA DE LA ÚLTIMA TRANSACCIÓN
campo de control 20230313124901.0
008 - DATOS DE LONGITUD FIJA--INFORMACIÓN GENERAL
campo de control de longitud fija 220117s1984 xx 000 0 und d
010 ## - NÚMERO DE CONTROL DE LA BIBLIOTECA DEL CONGRESO
Número de control de LC 173924
020 ## - NÚMERO INTERNACIONAL ESTÁNDAR DEL LIBRO
Número Internacional Estándar del Libro 968-18-1643-9
040 ## - FUENTE DE LA CATALOGACIÓN
Centro/agencia transcriptor CHAP
082 ## - NÚMERO DE LA CLASIFICACIÓN DECIMAL DEWEY
Número de clasificación 637.1 P4
100 ## - ENTRADA PRINCIPAL--NOMBRE DE PERSONA
Nombre de persona Pérez Gavilan Escalante, Jorge
9 (RLIN) 89683
245 ## - MENCIÓN DE TÍTULO
Título Bioquímica y microbiología de la leche /
Mención de responsabilidad, etc. Jorge Pérez Gavilan Escalante
260 ## - PUBLICACIÓN, DISTRIBUCIÓN, ETC.
Lugar de publicación, distribución, etc. Mexico, D. F. :
Nombre del editor, distribuidor, etc. Limusa,
Fecha de publicación, distribución, etc. 1984
300 ## - DESCRIPCIÓN FÍSICA
Extensión 202 p.
503 ## - NOTA DE HISTORIA BIBLIOGRÁFICA (BK CF MU) [OBSOLETO]
Nota de historia bibliográfica C/E
650 ## - PUNTO DE ACCESO ADICIONAL DE MATERIA--TÉRMINO DE MATERIA
Término de materia o nombre geográfico como elemento de entrada 1.Leche
Subdivisión general análisis
9 (RLIN) 154718
650 ## - PUNTO DE ACCESO ADICIONAL DE MATERIA--TÉRMINO DE MATERIA
Término de materia o nombre geográfico como elemento de entrada Leche
Subdivisión general bacteriología
9 (RLIN) 65360
901 ## - ELEMENTOS DE DATOS A LOCAL LDA (RLIN)
a 637.1 P4
902 ## - ELEMENTOS DE DATOS B LOCAL, LDB (RLIN)
a M
905 ## - ELEMENTOS DE DATOS E LOCAL, LDE (RLIN)
a 0000001984 MX AM 0000000000SPA00
942 ## - ELEMENTOS DE PUNTO DE ACCESO ADICIONAL (KOHA)
Tipo de ítem Koha Libro
Fuente del sistema de clasificación o colocación Dewey Decimal Classification
Holdings
Estado de retiro Estado de pérdida Fuente del sistema de clasificación o colocación Estado dañado Restricciones de uso No para préstamo Código de colección Localización permanente Ubicación/localización actual Fecha de adquisición Fuente de adquisición Coste, precio normal de compra Número de inventario Total de préstamos Signatura topográfica completa Código de barras Fecha visto por última vez Fecha del último préstamo Número de copia Tipo de ítem Koha
    Dewey Decimal Classification   Préstamo interno   General Ingenieria Agroindustrial Ingenieria Agroindustrial 18/01/2022 Compra Librería Patena F. 5019 / R. (27/04/1990) 8120.00 C/e 11 637.1 P4 dia_3449 18/02/2026 18/02/2026 1 Libro